00569nam a22002057a 450000500170000001000130001702000220003003500130005203700160006504000120008108200190009310000170011224500430012926000450017227000580021730000200027550000200029565000280031565000200034320170124110005.0 aA-706999 c00.00a8170031504 aA-705010 bCen Lib/Ret aDPLbEN a327.10954bMIS aMishra, S.N. aIndia Cold war year /cby S.N. Mishra  aNew DelhibSouth Asian Publishers c1994 bNew Delhia36 Netaji Subhash marg, Dariyaganje110002 a275p.c20cm(Hb) a Includes index aPolitics and economics  aCold war--India